| 000 | 00651nac a22001571u 4500 | ||
|---|---|---|---|
| 008 | 090318s1977 xxu||||| |||| 00| 0 ara d | ||
| 020 | _a97710339 | ||
| 082 |
_a330.122 _bأ س س |
||
| 245 |
_aأسس المعارف السياسية / _cمجموعة من العلماء والفلاسفة السوفييت ؛ ترجمة حمدى عبد الجواد |
||
| 260 |
_aالقاهرة : _bدار الثقافة الجديدة ،1977 _c1977. |
||
| 300 |
_a244 ص ؛ _c15 سم. |
||
| 650 |
_aالإشتراكية _913591 |
||
| 650 |
_aالرأسمالية _913649 |
||
| 700 | 1 |
_aعبد الجواد ، حمدى _9274 _eترجمة |
|
| 942 |
_cBB _k330.122 أ س س _2ddc |
||
| 999 |
_c6389 _d6389 |
||